| 000 | 00396pab a2200145 454500 | ||
|---|---|---|---|
| 008 | 180718b1988 xxu||||| |||| 00| 0 eng d | ||
| 100 | _aDizerega, Augustus | ||
| 245 |
_aEquality, self - government and democracy _bA critique of Dahl's political equality |
||
| 260 | _c1988 | ||
| 300 | _a447-68 | ||
| 362 | _aSept. | ||
| 650 | _aDemocracy | ||
| 773 | _aWestern Political Quarterly | ||
| 909 | _a7163 | ||
| 999 |
_c7163 _d7163 |
||